00624nam a2200205Ia 4500008004100000020001800041050001600059050001400075245005100089245001700140245003400157260001700191260002100208260000900229300001600238300001100254500004100265650005500306650005700361160418s9999 xx 000 0 und d a971-725-272-3 aFIL PL 5517 b.P34 2001 aPagbasa at pagsulat sa iba't ibang disiplina : bFilipino 2 / cNenita C. Fabrigas… [et al] aMakati City: bGrandwater Pub., c2001 a317 pages : c22 cm. aIncludes bibliographical references. aFilipino language -- Study and teaching (Higher).  xFilipino language -- Rhetoric -- Study and teaching.